000 00775nam a2200217 i 4500
001 128907
003 ES-MaACL
005 20230906193405.0
007 t|
008 070530s1973 sp ||||1| spa d
080 _a898-2(082.2)
080 _a897-2(082.2)
245 0 0 _aTeatro indoamericano colonial /
_cJosé Cid Pérez, Dolores Martí de Cid.
250 _a1ª ed.
260 _a[Madrid] :
_bAguilar,
_c[1973]
300 _a533 p., 3 h. ;
_c20 cm.
505 8 _aContiene: Adoración de los Reyes.-- Historia de la conquista de Quesaltenango.-- tragedia del fin de Atau Wallpa.-- El pobre más rico.-- Uscar Paucar.-- El hijo pródigo
700 1 _aCid Pérez, José.
_938770
700 0 _aMartí de Cid, Dolores.
_977212
852 _aES-MaACL
_jC-55687
_bR.88355
999 _c128907
_d128907